000 00567nam a2200205Ia 4500
005 20250508150536.0
008 008 250505s9999 xx 000 0 eng d
037 _aTextual
040 _aFEDL
_beng
_cFEDL
041 _aeng
_2eng
084 _a150.195, FRE
_qFEDL
100 _aFreud Sigmund
245 0 _aGeneral introduction to psychoanalysis
260 _aNew York, USA
_bGarden City Publishing Company
_c1943
300 _a412p.
365 _aINR
_b6
650 _aPsychology
942 _cTEXL
_h150.195, FRE
999 _c1324166
_d1324166